Vista normal Vista MARC

Entrada Topical Term

Número de registros utilizados en: 1

001 - CONTROL NUMBER

  • control field: 12417

003 - CONTROL NUMBER IDENTIFIER

  • control field: OSt

005 - DATE AND TIME OF LATEST TRANSACTION

  • control field: 20201123123001.0

008 - FIXED-LENGTH DATA ELEMENTS

  • fixed length control field: 201123|| aca||aabn | a|a d

040 ## - CATALOGING SOURCE

  • Original cataloging agency: OSt
  • Transcribing agency: OSt

150 ## - HEADING--TOPICAL TERM

  • Topical term or geographic name entry element: Administración de justicia
  • Geographic subdivision: España

670 ## - SOURCE DATA FOUND

  • Source citation: Work cat.: (OSt)0: Martínez Sánchez, Mauricio, autor 10061, La constitucionalización de la justicia y la autonomía judicial : , 2009